000 00775nam a2200253Ia 4500
003 OSt
005 20220928104227.0
006 a|||||r|||| 00| 0
007 ta
008 220927b |||||||| |||| 00| 0 hin d
020 _cINR 900.00
024 _a136667
037 _b33, 14/11/2017, Kiran Book Service
_cTextual
040 _aSDCL
_cSDCL
_bhin
041 _2hin
_ahin
082 _aR4xD,1, Q2
100 _aMishra Koushal Kishor
_9409732
245 0 _aKamandkeiy nitisaar main rajya-vayvastha evam sushashan
260 _aMeerut
_bRahul Publishing House
_c2012
300 _a273p.
_ccm.
650 _aSanskrit
_9391587
942 _hR4xD,1, Q2
_cTEXL
_2CC
999 _c725296
_d725296